| 000 | 00439nam a2200193Ia 4500 | ||
|---|---|---|---|
| 008 | 170918s9999 xx 000 0 und d | ||
| 020 | _a9780545389891 | ||
| 050 | _bK269 2010 | ||
| 100 | _aKehret, Peg | ||
| 245 | _aGhost dog secrets / | ||
| 245 | _cby Peg Kehret. | ||
| 260 | _aNew York : | ||
| 260 | _bScholastic, | ||
| 260 | _c2010 | ||
| 300 | _a184 pages : | ||
| 300 | _billustrations ; | ||
| 300 | _c19cm. | ||
| 500 | _a730 | ||
| 999 |
_c343756 _d343756 |
||